| 000 | 00936nam a2200301Ia 4500 | ||
|---|---|---|---|
| 003 | GCL | ||
| 008 | 140319s9999 xx 000 0 ara d | ||
| 040 |
_aGCL / _cGCL |
||
| 082 | 0 | 4 |
_a810.5 _bم ق |
| 100 | 1 | _aفيصل دراج | |
| 245 | 1 | 0 |
_aالحداثة(2): الوطنى, الاختلاف, حداثةالاخر / _cفيصل دراج |
| 700 | 1 | _aسعدالله ونوس | |
| 700 | 1 | _aجابر عصفور | |
| 260 |
_a[S.N] : _bمؤسسة عيبال للدراسات والنشر ، _c1991 |
||
| 300 | _a439 ص | ||
| 490 |
_aقضايا وشهادات _v0 |
||
| 650 | 0 | 4 | _aالشعر العربى |
| 650 | 0 | 4 | _aالماركسية |
| 650 | 0 | 4 | _aالعالم العربى |
| 650 | 0 | 4 | _aالثقافة العربية |
| 650 | 0 | 4 | _aالوطنية |
| 650 | 0 | 4 | _aطه حسين |
| 650 | 0 | 4 | _aالتنوير |
| 650 | 0 | 4 | _aتاريخ ونقد |
| 650 | 0 | 4 | _aالانتماء |
| 650 | 0 | 4 | _aالتحديث |
| 942 |
_2ddc _cBK |
||
| 999 |
_c37275 _d37275 |
||